00530nam a2200181Ia 4500003000900000008004100009020002200050040001600072080002300088100001800111245005700129260002500186300001500211490004900226650002400275650003000299650001900329IN-BaIIA211028s9999 xx 000 0 eng d a978-3-319-06455-0 cIIA Library a523.34:629.78bCHE aChen, James L 0aHow to find the Apollo landing sitescJames L. Chen  aChambSpringerc2014 axvi, 253p. aThe Patrick Moore practical astronomy series aLunar landing sites aMoon - observers' manuals aMoon - surface